| 000 | 00726nam a2200265Ia 4500 | ||
|---|---|---|---|
| 005 | 20260302114116.0 | ||
| 008 | 008 260114s9999 xx 000 0 eng d | ||
| 020 | _a9781350321533 | ||
| 037 | _aTextbook | ||
| 040 | _aCRL | ||
| 040 | _beng | ||
| 040 | _cCRL | ||
| 041 | _2eng | ||
| 041 | _aeng | ||
| 084 | _qCRL | ||
| 100 |
_aLeszek Sosnowski and Natalia Anna Michna _91117783 |
||
| 245 | 0 | _aRoman Ingarden’s Aesthetics and Ontology Contemporary Readings | |
| 260 | _bBloomsbury | ||
| 260 | _bBloomsbury Academic | ||
| 260 | _c2023 | ||
| 650 | _aPhilosophy | ||
| 856 | _uhttps://doi.org/10.5040/9781350321533?locatt=label:secondary_bloomsburyCollections | ||
| 942 | _cEBOOK | ||
| 999 |
_c1681371 _d1681371 |
||